| 000 | 00593nam a2200205 4500 | ||
|---|---|---|---|
| 001 | 132592 | ||
| 003 | ES-MaACL | ||
| 005 | 20230906194217.0 | ||
| 007 | t| | ||
| 008 | 070214s1957 sp r ||||1| spa d | ||
| 100 | 1 |
_aRómulo, Carlos P. _999490 |
|
| 245 | 1 | 3 |
_aEl mensaje de Bandung / _cCarlos P. Rómulo ; [traducción de C. Díaz Andrés]. |
| 260 |
_aBarcelona : _bEd. Hispano-Europea, _c1957. |
||
| 300 |
_a108 p. ; _c20 cm. |
||
| 490 | 1 | _aGalileo | |
| 700 | 1 |
_aDíaz Andrés, C. _944173 |
|
| 830 | 0 |
_aGalileo _9182278 |
|
| 852 |
_aES-MaACL _jC-13552 _bR.40879 |
||
| 999 |
_c132592 _d132592 |
||